书目信息 |
| 题名: |
摄影实践与处方
|
|
| 作者: | 沃尔 , 约旦 编著 ;卡罗尔 , 胡宏伟 , 戴勇书 改编 | |
| 分册: | ||
| 出版信息: | 北京 测浍出版社 1984.6 |
|
| 页数: | 572页 | |
| 开本: | 20cm | |
| 丛书名: | ||
| 单 册: | ||
| 中图分类: | TB81 | |
| 科图分类: | ||
| 主题词: | 摄影--理论 | |
| 电子资源: | ||
| ISBN: | ||
| 000 | 00841nam0 2200229 45 | |
| 001 | 0312221749 | |
| 005 | 20060420145008.45 | |
| 010 | @dCNY2.25 | |
| 100 | @a20031222d1984 km y0chiy0120 ea | |
| 101 | @achi | |
| 200 | 1 | @a摄影实践与处方@AShe Ying Shi Jian Yu Chu Fang@f(美)E·J·沃尔,富兰克林·I·约旦编著@F(mei)E·J·wo er,fu lan ke lin·I·yue dan bian zhu@g(美)约翰 S·卡罗尔改编@G(mei)yue han S·ka luo er gai bian@g胡宏伟,戴勇书译@Ghu hong wei,dai yong shu yi |
| 210 | @a北京@c测浍出版社@d1984.6 | |
| 215 | @a572页@d20cm | |
| 606 | 0 | @a摄影@x理论 |
| 690 | @aTB81@v3 | |
| 701 | 0 | @a沃尔@Awo er@4编著 |
| 701 | 0 | @a约旦@Ayue dan@4编著 |
| 702 | 0 | @a卡罗尔@Aka luo er@4改编 |
| 702 | 0 | @a胡宏伟@Ahu hong wei@4译 |
| 702 | 0 | @a戴勇书@Adai yong shu@4译 |
| 801 | @aCN@bTSTCL@c20060420 | |
| 905 | @a213230@dTB81@e60@b119753-754@f2@b119756@f1 | |
| 摄影实践与处方/(美)E·J·沃尔,富兰克林·I·约旦编著/(美)约翰 S·卡罗尔改编/胡宏伟,戴勇书译.-北京:测浍出版社,1984.6 |
| 572页;20cm |
| ISBN :CNY2.25 |
| ● |
| 相关链接 |
|
|
|
|
正题名:摄影实践与处方
索取号:TB81/60
 
预约/预借
| 序号 | 登录号 | 条形码 | 馆藏地/架位号 | 状态 | 备注 |
| 1 | 0119753 | 001360663 | 第二样本阅览室/ [索取号:TB81/60] | 在馆 | |
| 2 | 0119754 | 001360627 | 第三借阅区/ [索取号:TB81/60] | 在馆 | |
| 3 | 0119755 | 202266555 | 密集书库/ [索取号:TB81/60] | 在馆 | |
| 4 | 0119756 | 001360583 | 第三借阅区/ [索取号:TB81/60] | 在馆 |